000 00811nam a2200253Ia 4500
003 OSt
005 20220928104722.0
006 a|||||r|||| 00| 0
007 ta
008 220927b |||||||| |||| 00| 0 hin d
020 _a9788180310779
_cINR 300.00
024 _a145882
037 _bBR5693, 28/12/2021, Rajkamal Prakashan Pvt.Ltd.
_cTextual
040 _aSDCL
_cSDCL
_bhin
041 _2hin
_ahin
082 _aO15:gv, R1
100 _aTiwari Ramchandra
245 0 _aBhartiya evam pashchatya kavyashastra ki rooprekha
260 _aNew Delhi
_bLokbharati Prakashan India
_c2021
300 _a3.,216p
_ccm.
650 _aHindi Journalism
_9391577
942 _hO15:gv, R1
_cTEXL
_2CC
999 _c727401
_d727401